| 000 | 01324nam a22002657a 4500 | ||
|---|---|---|---|
| 003 | OSt | ||
| 005 | 20210326125855.0 | ||
| 008 | 210326s1990 ck aob|gr|||| 00| 0 spa d | ||
| 020 | _a9586120260 | ||
| 040 |
_aCO-JMCR _cCO-JMCR |
||
| 041 | 0 | _aspa | |
| 082 | 0 | 4 |
_a913.031 / _bI597p _221 |
| 110 | 2 |
_aInstituto Colombiano de Antropología _914386 |
|
| 245 | 1 | 0 |
_aParques arqueológicos de Colombia / _cInstituto Colombiano de Antropología |
| 260 |
_aBogotá : _bInstituto Colombiano de Antropología, _c1990 |
||
| 300 |
_a[168] páginas : _bilustraciones, fotografías y mapas a color y a blanco y negro ; _c31 cm. |
||
| 504 | _aBibliografía: páginas [164-168] | ||
| 505 | 0 | _aY los parques...--Parques de hoy, vivencias del pasado -- Erase una vez una espiga de maíz -- De por qué los arqueólogos se enloquecen por los tiestos -- Albores culturales en Colombia -- San Agustín -- Tierradentro -- Los Tairona: agricultores y arquitectos de la Sierra Nevada -- Nosotros los hermanos mayores de la Nevada -- Mapa y accesos | |
| 650 | 1 | 4 |
_aParques arqueológicos _zColombia _936573 |
| 650 | 2 | 4 |
_aArqueología _zColombia _936574 |
| 650 | 2 | 4 |
_aArqueología _zSan Agustín (Colombia) _936575 |
| 650 | 2 | 4 |
_aArqueología _zTierradentro (Colombia) _936576 |
| 650 | 2 | 4 |
_aIndios de Colombia _xArqueología _936577 |
| 942 |
_2ddc _cBK |
||
| 999 |
_c15503 _d15503 |
||